[Event "Quebec op"]
[Site "Montreal CAN"]
[Date "1998.07.26"]
[Round "3"]
[White "Seguin, Rene"]
[Black "Wolrich, Charles"]
[Result "0-1"]
[WhiteElo "1938"]
[BlackElo "2135"]
[PlyCount "108"]
[GameId "2160767911872490"]
[EventDate "1998.07.25"]
[EventType "swiss"]
[EventRounds "9"]
[EventCountry "CAN"]
[SourceTitle "EXT 2022"]
[Source "ChessBase"]
[SourceDate "2021.10.06"]
[SourceVersion "1"]
[SourceVersionDate "2021.10.06"]
[SourceQuality "1"]

1. e4 e6 2. d4 d5 3. Nd2 Nf6 4. e5 Ne4 5. Bd3 Nxd2 6. Bxd2 c5 7. c3 Qb6 8. Qb3 c4 9. Qxb6 axb6 10. Bc2 Nc6 11. Ne2 b5 12. b4 cxb3 13. Bxb3 Na5 14. O-O Bd7 15. Bc2 Nc4 16. Rfd1 b4 17. cxb4 Ba4 18. Bxa4+ Rxa4 19. Be1 Kd7 20. Nc3 Rxb4 21. Rab1 Kc6 22. a4 Rxb1 23. Rxb1 Be7 24. Nb5 Ra8 25. Bb4 Rxa4 26. Bxe7 Nd2 27. Nc3 Rc4 28. Rd1 Rxc3 29. Bb4 Rc4 30. Bxd2 Rxd4 31. f3 b5 32. Rc1+ Rc4 33. Kf2 d4 34. Rxc4+ bxc4 35. Ke2 Kb5 36. Kd1 c3 37. Be1 Kc4 38. Bf2 d3 39. Kc1 Kd5 40. f4 Ke4 41. Kd1 h5 42. g3 Kf3 43. Bd4 c2+ 44. Kd2 Kg2 45. Be3 Kxh2 46. g4 hxg4 47. Kxd3 g3 48. Kxc2 g2 49. Kd3 g1=Q 50. Bxg1+ Kxg1 51. Ke4 Kf2 52. f5 Kg3 53. f6 gxf6 54. exf6 Kg4 0-1

[Event "Quebec op"]
[Site "Montreal CAN"]
[Date "1998.07.26"]
[Round "3"]
[White "Soudre, Nicolas"]
[Black "Leveille, Francois"]
[Result "0-1"]
[WhiteElo "2016"]
[BlackElo "2238"]
[PlyCount "58"]
[GameId "2160767911872491"]
[EventDate "1998.07.25"]
[EventType "swiss"]
[EventRounds "9"]
[EventCountry "CAN"]
[SourceTitle "EXT 2022"]
[Source "ChessBase"]
[SourceDate "2021.10.06"]
[SourceVersion "1"]
[SourceVersionDate "2021.10.06"]
[SourceQuality "1"]

1. e4 c5 2. f4 Nc6 3. Nf3 g6 4. Bb5 Bg7 5. Bxc6 bxc6 6. Nc3 d6 7. O-O c4 8. e5 Nh6 9. Qe2 Qb6+ 10. Kh1 O-O 11. b3 Bg4 12. Qxc4 Bxf3 13. Rxf3 dxe5 14. fxe5 Bxe5 15. d4 Bg7 16. Be3 Nf5 17. Na4 Qb5 18. c3 Qxc4 19. bxc4 Nd6 20. c5 Ne4 21. Rb1 e5 22. Rb4 Rab8 23. dxe5 Rxb4 24. cxb4 Rd8 25. Rf4 Rd1+ 26. Bg1 Re1 27. Nb2 Nc3 28. Nd3 Rd1 29. Nf2 Rxg1+ 0-1

[Event "Quebec op"]
[Site "Montreal CAN"]
[Date "1998.07.26"]
[Round "3"]
[White "Stewart, Ron"]
[Black "Cormos, Eugene"]
[Result "0-1"]
[WhiteElo "1776"]
[BlackElo "2106"]
[PlyCount "52"]
[GameId "2160767911872492"]
[EventDate "1998.07.25"]
[EventType "swiss"]
[EventRounds "9"]
[EventCountry "CAN"]
[SourceTitle "EXT 2022"]
[Source "ChessBase"]
[SourceDate "2021.10.06"]
[SourceVersion "1"]
[SourceVersionDate "2021.10.06"]
[SourceQuality "1"]

1. d4 d5 2. c4 e6 3. Nc3 Nf6 4. Nf3 Nbd7 5. Bg5 Be7 6. e3 O-O 7. Bd3 c5 8. O-O h6 9. Bh4 a6 10. b3 b6 11. Ne5 Bb7 12. f3 cxd4 13. exd4 Nxe5 14. dxe5 Nd7 15. Bxe7 Qxe7 16. cxd5 Qc5+ 17. Kh1 Qxc3 18. f4 Nc5 19. Bc2 Bxd5 20. Rc1 Qe3 21. Qg4 Ne4 22. Qh4 Rac8 23. Rce1 Qd4 24. f5 Rxc2 25. f6 Nf2+ 26. Qxf2 Rxf2 0-1

[Event "Quebec op"]
[Site "Montreal CAN"]
[Date "1998.07.26"]
[Round "3"]
[White "Trottier, Yves"]
[Black "Gardner, Robert"]
[Result "0-1"]
[WhiteElo "1799"]
[BlackElo "2137"]
[PlyCount "52"]
[GameId "2160767911872493"]
[EventDate "1998.07.25"]
[EventType "swiss"]
[EventRounds "9"]
[EventCountry "CAN"]
[SourceTitle "EXT 2022"]
[Source "ChessBase"]
[SourceDate "2021.10.06"]
[SourceVersion "1"]
[SourceVersionDate "2021.10.06"]
[SourceQuality "1"]

1. e4 c5 2. Nc3 e6 3. f4 a6 4. a4 Nc6 5. Nf3 Qc7 6. g3 b6 7. Bg2 Bb7 8. d3 d6 9. Be3 Nf6 10. h3 Be7 11. g4 d5 12. e5 d4 13. exf6 Bxf6 14. Bd2 dxc3 15. bxc3 g6 16. Rb1 Ne7 17. c4 e5 18. Bc3 O-O 19. fxe5 Bxf3 20. Bxf3 Bh4+ 21. Kf1 Nc6 22. Qe2 Rae8 23. Rd1 Nxe5 24. Bxe5 Rxe5 25. Qh2 Qe7 26. Kg2 Re2+ 0-1

[Event "Quebec op"]
[Site "Montreal CAN"]
[Date "1998.07.26"]
[Round "3"]
[White "Wenaas, Eric"]
[Black "Caceres Cortes, Julio"]
[Result "1-0"]
[WhiteElo "2144"]
[BlackElo "1947"]
[PlyCount "129"]
[GameId "2160767911872494"]
[EventDate "1998.07.25"]
[EventType "swiss"]
[EventRounds "9"]
[EventCountry "CAN"]
[SourceTitle "EXT 2022"]
[Source "ChessBase"]
[SourceDate "2021.10.06"]
[SourceVersion "1"]
[SourceVersionDate "2021.10.06"]
[SourceQuality "1"]

1. Nf3 Nf6 2. d4 d5 3. c4 e6 4. Nc3 c6 5. e3 Nbd7 6. Qc2 Bd6 7. Be2 O-O 8. O-O Re8 9. Rd1 Qe7 10. h3 b6 11. a3 Bb7 12. b4 Rac8 13. Bb2 dxc4 14. Bxc4 c5 15. bxc5 bxc5 16. d5 Nb6 17. Bb5 Red8 18. dxe6 Qxe6 19. Be2 Nc4 20. Nb5 Nxb2 21. Rxd6 Rxd6 22. Nxd6 Qxd6 23. Qxb2 Be4 24. Qe5 Qc6 25. Rc1 h6 26. Nd4 Qb7 27. Nf5 Re8 28. Qxc5 Bxf5 29. Qxf5 Qb2 30. Qc2 Qxa3 31. Qc3 Qxc3 32. Rxc3 a5 33. Rc7 Nd5 34. Ra7 Nc3 35. Bc4 Rc8 36. Bxf7+ Kf8 37. Bb3 Rc5 38. Rf7+ Ke8 39. Rxg7 a4 40. Bxa4+ Nxa4 41. Rh7 Rc6 42. g4 Nc3 43. Kg2 Kf8 44. Ra7 Ne4 45. Ra2 Kg7 46. f3 Nf6 47. Rd2 Rc1 48. h4 Re1 49. Rd3 Kf7 50. Kg3 Rh1 51. e4 Re1 52. Kf4 Ke6 53. Ra3 Kf7 54. Kf5 Nd7 55. f4 Ke7 56. h5 Rb1 57. Ra6 Rb5+ 58. e5 Nb6 59. Kg6 Nd5 60. f5 Nf4+ 61. Kxh6 Rxe5 62. Ra4 Nd5 63. Kg7 Re1 64. h6 Ne3 65. f6+ 1-0

[Event "Quebec op"]
[Site "Montreal CAN"]
[Date "1998.07.27"]
[Round "3"]
[White "Desjardins, Andre"]
[Black "Linskiy, Oleg"]
[Result "0-1"]
[WhiteElo "2005"]
[BlackElo "2375"]
[PlyCount "70"]
[GameId "2160767911872496"]
[EventDate "1998.07.25"]
[EventType "swiss"]
[EventRounds "9"]
[EventCountry "CAN"]
[SourceTitle "EXT 1999"]
[Source "ChessBase"]
[SourceDate "1998.11.10"]
[SourceVersion "1"]
[SourceVersionDate "1998.11.10"]
[SourceQuality "1"]

1. e4 e5 2. Nf3 d6 3. d4 Nf6 4. Nc3 Nbd7 5. Bc4 Be7 6. O-O O-O 7. h3 c6 8. d5 Nc5 9. Re1 b5 10. b4 Ncxe4 11. Nxe4 Nxe4 12. dxc6 Nxf2 13. Bxf7+ Rxf7 14. Qd5 Nxh3+ 15. gxh3 Bxh3 16. c7 Qc8 17. Ng5 Bxg5 18. Bxg5 Be6 19. Qxd6 Rxc7 20. Rxe5 Rc6 21. Qe7 Bh3 22. Re4 Rg6 23. Kh2 Rxg5 24. Qxg5 Qxc2+ 25. Kxh3 Qxe4 26. Rg1 Qb7 27. Rf1 Rc8 28. Qe5 Qd7+ 29. Kg3 h6 30. Rf5 Qd3+ 31. Kg4 Rc4+ 32. Rf4 Qd1+ 33. Kf5 Qh5+ 34. Ke6 Qxe5+ 35. Kxe5 Rxf4 0-1

[Event "Quebec op"]
[Site "Montreal CAN"]
[Date "1998.08.26"]
[Round "3"]
[White "Goldenberg, Danny"]
[Black "Beaulieu, Eric"]
[Result "1-0"]
[WhiteElo "2263"]
[BlackElo "2043"]
[PlyCount "134"]
[GameId "2160767911872501"]
[EventDate "1998.07.25"]
[EventType "swiss"]
[EventRounds "9"]
[EventCountry "CAN"]
[SourceTitle "EXT 2022"]
[Source "ChessBase"]
[SourceDate "2021.10.06"]
[SourceVersion "1"]
[SourceVersionDate "2021.10.06"]
[SourceQuality "1"]

1. e4 e6 2. d4 d5 3. e5 c5 4. c3 Nc6 5. Nf3 Qb6 6. a3 cxd4 7. cxd4 Nh6 8. b4 Nf5 9. Bb2 Be7 10. Be2 Bd7 11. O-O Rc8 12. Kh1 Na5 13. Nbd2 Nc4 14. Bxc4 dxc4 15. Bc3 Qc6 16. Re1 Qd5 17. Ne4 Bc6 18. a4 a6 19. Qc2 O-O 20. Nc5 Nh4 21. Nxh4 Bxh4 22. Re4 Qd8 23. Re2 Qg5 24. f3 Qd8 25. Qb1 Be7 26. Ne4 Qd5 27. Qe1 Qd8 28. Rb2 Qd7 29. a5 Rc7 30. Qg3 Kh8 31. Rab1 Rcc8 32. Rd2 Bd5 33. Nf2 Qa4 34. Nd1 Rb8 35. Ra1 Qd7 36. Ne3 b6 37. axb6 Rxb6 38. Rb2 Rfb8 39. Qe1 Qb7 40. Rab1 Rb5 41. Nxd5 Qxd5 42. Ra1 R8b6 43. Ra4 Qb7 44. Qb1 h5 45. Kg1 g6 46. Kf2 Kg7 47. Ke2 Qb8 48. Kd1 Qf8 49. Ra5 Kg8 50. Rxb5 Rxb5 51. Qa2 Qe8 52. Kc2 Qc6 53. Qa4 Qb7 54. Ra2 Bxb4 55. Bxb4 Rxb4 56. Qxa6 Rb2+ 57. Kc1 Rb1+ 58. Kd2 Qb4+ 59. Ke3 Qc3+ 60. Kf4 Qxd4+ 61. Kg3 Qxe5+ 62. Kh3 c3 63. Qc8+ Kh7 64. Ra7 Qf5+ 65. Kg3 c2 66. Qf8 h4+ 67. Kxh4 Qf4+ 1-0

[Event "Quebec op"]
[Site "Montreal CAN"]
[Date "1998.07.27"]
[Round "4"]
[White "Abreu Cordero, Jose"]
[Black "Constantineau, Yvan"]
[Result "1-0"]
[WhiteElo "1985"]
[BlackElo "2165"]
[PlyCount "62"]
[GameId "2160767911872502"]
[EventDate "1998.07.25"]
[EventType "swiss"]
[EventRounds "9"]
[EventCountry "CAN"]

1. Nf3 d5 2. d4 e6 3. e3 c5 4. Be2 Nc6 5. O-O Nf6 6. b3 cxd4 7. exd4 Bd6 8. Bg5 Qc7 9. Bxf6 gxf6 10. c4 a6 11. Nc3 Bb4 12. Qd3 Qa5 13. Rac1 Ba3 14. Rcd1 Bd7 15. cxd5 exd5 16. Qe3+ Be6 17. Na4 O-O-O 18. Qf4 Rhg8 19. Nh4 Rg5 20. Bf3 Rdg8 21. g3 Qd8 22. Rfe1 Bd6 23. Qe3 f5 24. Ng2 Qc7 25. Nc5 f4 26. Nxe6 fxe3 27. Nxc7 exf2+ 28. Kxf2 Kxc7 29. Re2 Ne7 30. Nh4 Kd7 31. Bg2 Rxg3 1-0

[Event "Quebec op"]
[Site "Montreal CAN"]
[Date "1998.07.27"]
[Round "4"]
[White "Beaulieu, Eric"]
[Black "Levtchouk, George"]
[Result "0-1"]
[WhiteElo "2043"]
[BlackElo "2346"]
[PlyCount "94"]
[GameId "2160767911872503"]
[EventDate "1998.07.25"]
[EventType "swiss"]
[EventRounds "9"]
[EventCountry "CAN"]

1. d4 g6 2. Nf3 Bg7 3. c4 d6 4. g3 Nf6 5. Bg2 O-O 6. Nc3 Nc6 7. O-O a6 8. b3 Rb8 9. Nd5 b5 10. Nxf6+ exf6 11. cxb5 Rxb5 12. d5 Ne7 13. Nd4 Rb7 14. Qd2 Bd7 15. Bb2 Qa8 16. Qa5 Qa7 17. Rac1 f5 18. e3 Re8 19. Rc2 g5 20. Rfc1 Rc8 21. Rc4 f4 22. exf4 gxf4 23. Nc6 Bxc6 24. Bxg7 Kxg7 25. dxc6 Rb5 26. Qc3+ f6 27. Rxf4 Re5 28. Qf3 Rf8 29. Qg4+ Kh8 30. Rb4 f5 31. Qc4 Rb5 32. a4 Rxb4 33. Qxb4 f4 34. Qb7 Qd4 35. Qxc7 Nf5 36. Qa5 fxg3 37. Qc3 gxf2+ 38. Kh1 Qxc3 39. Rxc3 Re8 40. Bf1 Rg8 41. Bg2 Nh4 42. Rg3 Re8 43. h3 Re1+ 44. Kh2 Nxg2 45. c7 Rh1+ 46. Kxh1 f1=Q+ 47. Kh2 Qc1 0-1

[Event "Quebec op"]
[Site "Montreal CAN"]
[Date "1998.07.27"]
[Round "4"]
[White "Caceres Cortes, Julio"]
[Black "Gagnon, Michel"]
[Result "0-1"]
[WhiteElo "1947"]
[BlackElo "2129"]
[PlyCount "68"]
[GameId "2160767911872504"]
[EventDate "1998.07.25"]
[EventType "swiss"]
[EventRounds "9"]
[EventCountry "CAN"]
[SourceTitle "EXT 2022"]
[Source "ChessBase"]
[SourceDate "2021.10.06"]
[SourceVersion "1"]
[SourceVersionDate "2021.10.06"]
[SourceQuality "1"]

1. e4 c5 2. Nf3 d6 3. d4 cxd4 4. Nxd4 Nf6 5. Nc3 a6 6. Bg5 e6 7. f4 Qc7 8. Qf3 b5 9. O-O-O b4 10. Nce2 Nbd7 11. Ng3 Bb7 12. Bd3 h6 13. Bxf6 Nxf6 14. Nh5 Nxh5 15. Qxh5 g6 16. Qh3 Bg7 17. e5 O-O-O 18. exd6 Rxd6 19. Nb3 Rhd8 20. Qg3 Kb8 21. Kb1 a5 22. Nd2 a4 23. Rhe1 a3 24. Ne4 Rd4 25. Nd2 axb2 26. Nb3 R4d6 27. Qf2 Bc3 28. Rf1 Rd5 29. g4 Qd6 30. Qe3 Ba6 31. Rf3 Bc4 32. h4 Qa6 33. f5 Qxa2+ 34. Kxa2 Ra5+ 0-1

[Event "Quebec op"]
[Site "Montreal CAN"]
[Date "1998.07.27"]
[Round "4"]
[White "Clement, Michel"]
[Black "Gilbert, Erick"]
[Result "1/2-1/2"]
[WhiteElo "2075"]
[BlackElo "1843"]
[PlyCount "117"]
[GameId "2160767911872506"]
[EventDate "1998.07.25"]
[EventType "swiss"]
[EventRounds "9"]
[EventCountry "CAN"]
[SourceTitle "EXT 2022"]
[Source "ChessBase"]
[SourceDate "2021.10.06"]
[SourceVersion "1"]
[SourceVersionDate "2021.10.06"]
[SourceQuality "1"]

1. e4 e6 2. d4 d5 3. Nc3 Bb4 4. Bd3 dxe4 5. Bxe4 Nf6 6. Bd3 Nc6 7. Nf3 O-O 8. O-O a6 9. Ne2 Ne7 10. Bg5 Ng6 11. c3 Be7 12. Qc2 Ng4 13. Bd2 Bf6 14. h3 Nh6 15. Bxh6 gxh6 16. Ng3 Kh8 17. Qd2 Bg5 18. Nxg5 Qxg5 19. Qxg5 hxg5 20. Bxg6 hxg6 21. Ne4 f6 22. f4 gxf4 23. Rxf4 Kg7 24. Raf1 f5 25. Ng5 Bd7 26. Re1 Rae8 27. Rh4 Rh8 28. Rxh8 Kxh8 29. Nf7+ Kg7 30. Ne5 Bc8 31. h4 b6 32. Re3 Rh8 33. Rg3 Rxh4 34. Nxg6 Rg4 35. Rxg4 fxg4 36. Nf4 Kf6 37. Kf2 e5 38. dxe5+ Kxe5 39. Ke3 Bf5 40. g3 c5 41. a3 a5 42. c4 Bd7 43. Nd5 b5 44. Nb6 Bc6 45. cxb5 Bxb5 46. b3 Ba6 47. Nd7+ Kd6 48. Nf6 Bc8 49. Kf4 Be6 50. Nxg4 Bxb3 51. Ke4 Bc2+ 52. Ke3 Bg6 53. Kd2 Kd5 54. Kc3 a4 55. Nf6+ Ke6 56. Ng4 Kf5 57. Nf2 Ke5 58. Nd3+ Kd6 59. Nb2 1/2-1/2

[Event "Quebec op"]
[Site "Montreal CAN"]
[Date "1998.07.27"]
[Round "4"]
[White "Drolet, Stephane"]
[Black "Acosta, Mariano"]
[Result "0-1"]
[WhiteElo "1848"]
[BlackElo "2249"]
[PlyCount "90"]
[GameId "2160767911872507"]
[EventDate "1998.07.25"]
[EventType "swiss"]
[EventRounds "9"]
[EventCountry "CAN"]
[SourceTitle "EXT 2022"]
[Source "ChessBase"]
[SourceDate "2021.10.06"]
[SourceVersion "1"]
[SourceVersionDate "2021.10.06"]
[SourceQuality "1"]

1. d4 d6 2. Nf3 Nd7 3. e4 e5 4. Nc3 Ngf6 5. Bc4 h6 6. O-O c6 7. a4 Be7 8. Qe2 O-O 9. Rd1 Ng4 10. dxe5 Ngxe5 11. Nxe5 Nxe5 12. Bb3 Bg4 13. f3 Bd7 14. Bf4 Qc8 15. Rd2 Be6 16. Bxe5 dxe5 17. Rad1 Bxb3 18. cxb3 Qe6 19. Qc4 Rad8 20. Kf1 Rxd2 21. Rxd2 Rd8 22. Rxd8+ Bxd8 23. Qd3 Bb6 24. Qc4 Qe7 25. g3 Qg5 26. Qe2 Qc1+ 27. Kg2 Bd4 28. Nd1 a5 29. Kf1 Bxb2 30. Qxb2 Qxd1+ 31. Kg2 Qd4 32. Qc2 Qe3 33. Qc4 Qd2+ 34. Kh3 Qe3 35. Kg2 h5 36. h4 g6 37. Qc2 Kg7 38. Qc4 Qd2+ 39. Kh3 Qd4 40. Qc2 Qg1 41. g4 hxg4+ 42. fxg4 Qf1+ 43. Kh2 Qf4+ 44. Kh3 Qf3+ 45. Kh2 Qxg4 0-1

[Event "Quebec op"]
[Site "Montreal CAN"]
[Date "1998.07.27"]
[Round "4"]
[White "Frappier, Clement"]
[Black "Saint-Onge, Roland"]
[Result "1-0"]
[WhiteElo "1867"]
[BlackElo "1582"]
[PlyCount "72"]
[GameId "2160767911872508"]
[EventDate "1998.07.25"]
[EventType "swiss"]
[EventRounds "9"]
[EventCountry "CAN"]

1. d4 d5 2. c4 Nf6 3. Nc3 g6 4. Bf4 Bg7 5. e3 a6 6. Nf3 Be6 7. Ng5 Bg4 8. Qb3 h6 9. Nf3 Bxf3 10. gxf3 b6 11. cxd5 O-O 12. Bg2 a5 13. O-O Qd7 14. Rfd1 a4 15. Qc4 Ra5 16. e4 Rc8 17. Bg3 e6 18. dxe6 fxe6 19. Bh3 Kf7 20. d5 Qe8 21. Bxe6+ Kf8 22. Bxc8 Qxc8 23. Qxc7 Qxc7 24. Bxc7 Nbd7 25. Rac1 Ne8 26. Bg3 b5 27. b4 axb3 28. axb3 Ra3 29. Nxb5 Rxb3 30. Nd6 Rxf3 31. Rc8 Ndf6 32. e5 Ke7 33. exf6+ Nxf6 34. Rc7+ Nd7 35. Ne4 Kd8 36. d6 Bb2 1-0

[Event "Quebec op"]
[Site "Montreal CAN"]
[Date "1998.07.27"]
[Round "4"]
[White "Gamback, Bjorn"]
[Black "Desjardins, Andre"]
[Result "0-1"]
[WhiteElo "2215"]
[BlackElo "2004"]
[PlyCount "132"]
[GameId "2160767911872509"]
[EventDate "1998.07.25"]
[EventType "swiss"]
[EventRounds "9"]
[EventCountry "CAN"]
[SourceTitle "EXT 2022"]
[Source "ChessBase"]
[SourceDate "2021.10.06"]
[SourceVersion "1"]
[SourceVersionDate "2021.10.06"]
[SourceQuality "1"]

1. e4 c5 2. c3 d5 3. exd5 Qxd5 4. d4 e6 5. Nf3 Nf6 6. Bd3 Nc6 7. O-O Be7 8. Na3 cxd4 9. Nb5 Qd7 10. Nbxd4 Nxd4 11. Nxd4 O-O 12. Re1 Rd8 13. Bf4 a6 14. Be5 b6 15. Qf3 Bb7 16. Qg3 Rac8 17. Rad1 g6 18. Bc2 Bd5 19. Ne2 Nh5 20. Qe3 Bc5 21. Bd4 Bxd4 22. Rxd4 Qb7 23. Red1 Rd7 24. Nf4 Nxf4 25. Qxf4 Rcd8 26. Qf6 Bxa2 27. Qxd8+ Rxd8 28. Rxd8+ Kg7 29. b3 Qc6 30. R8d3 Qe4 31. f3 Qf5 32. R1d2 a5 33. Rd5 Qf6 34. R5d4 a4 35. bxa4 Qe5 36. Kf2 Qc5 37. Ke1 Qxc3 38. R4d3 Qa1+ 39. Kf2 Bd5 40. g3 Qh1 41. g4 Qxh2+ 42. Ke3 Qg1+ 43. Rf2 Qe1+ 44. Re2 Qg3 45. Rf2 Bc4 46. Rd7 Bd5 47. Ke2 Qf4 48. Be4 Bxe4 49. fxe4 Qxe4+ 50. Kf1 Qc4+ 51. Ke1 e5 52. g5 e4 53. Rb7 e3 54. Rfxf7+ Qxf7 55. Rxf7+ Kxf7 56. Ke2 Ke6 57. Kxe3 Kf5 58. Kd4 Kxg5 59. Kd5 h5 60. Kc6 h4 61. Kxb6 h3 62. a5 h2 63. a6 h1=Q 64. Kc7 Qa8 65. Kb6 Kf5 66. a7 Ke5 0-1

[Event "Quebec op"]
[Site "Montreal CAN"]
[Date "1998.07.27"]
[Round "4"]
[White "Gaspariants, Garry"]
[Black "Luksza, Arkadiusz"]
[Result "1-0"]
[WhiteElo "2230"]
[BlackElo "2087"]
[PlyCount "142"]
[GameId "2160767911872510"]
[EventDate "1998.07.25"]
[EventType "swiss"]
[EventRounds "9"]
[EventCountry "CAN"]
[SourceTitle "EXT 2022"]
[Source "ChessBase"]
[SourceDate "2021.10.06"]
[SourceVersion "1"]
[SourceVersionDate "2021.10.06"]
[SourceQuality "1"]

1. d4 f5 2. Nf3 Nf6 3. Bg5 d5 4. Bxf6 exf6 5. e3 Be6 6. Bd3 Bd6 7. Nbd2 Nd7 8. c3 c6 9. Qc2 g6 10. h4 h5 11. Ng1 c5 12. Nh3 Bf7 13. Nf3 c4 14. Be2 b5 15. Nfg1 b4 16. Bf3 bxc3 17. bxc3 Qa5 18. Ne2 Rb8 19. O-O O-O 20. Rab1 Rxb1 21. Rxb1 Rb8 22. Rxb8+ Bxb8 23. Qb1 Nb6 24. g3 Bd6 25. Nhf4 Kg7 26. Kh2 Qa4 27. Bg2 Qd7 28. Bh3 Qe7 29. Bg2 g5 30. Nh3 Bg6 31. Qb5 gxh4 32. Nhf4 hxg3+ 33. Kxg3 Bf7 34. Kh3 Be8 35. Qb1 Bd7 36. Bf3 Kh6 37. Qg1 Qg7 38. Qxg7+ Kxg7 39. Nxh5+ Kf7 40. Nhf4 Bc6 41. Kg2 Ke7 42. Kf1 Bc7 43. Ke1 Kd6 44. Ng3 Bd7 45. Kd2 Bd8 46. Bg2 Kc6 47. Ngh5 Kd6 48. Ng7 Bc7 49. Bh3 Kc6 50. Nfe6 f4 51. exf4 Bxe6 52. Nxe6 Bd6 53. Bf5 Na4 54. Bc2 Nb6 55. Ke3 Ba3 56. Kd2 Bd6 57. Ke2 Ba3 58. Ng7 Kd6 59. Nf5+ Ke6 60. Ne3 Kd6 61. Kd2 Ke6 62. Bh7 Kf7 63. Kc2 Bd6 64. f5 Ba3 65. Bg6+ Ke7 66. Bh5 Kd6 67. Be8 Kc7 68. Bb5 Bf8 69. Ng4 Bg7 70. Be8 Kd6 71. Kb2 Kc7 1-0

[Event "Quebec op"]
[Site "Montreal CAN"]
[Date "1998.07.27"]
[Round "4"]
[White "Leriche, Felix"]
[Black "Courval, Francois"]
[Result "1/2-1/2"]
[WhiteElo "2216"]
[BlackElo "1958"]
[PlyCount "29"]
[GameId "2160767911872512"]
[EventDate "1998.07.25"]
[EventType "swiss"]
[EventRounds "9"]
[EventCountry "CAN"]

1. d4 d5 2. Nc3 Bf5 3. f3 c5 4. e4 dxe4 5. fxe4 cxd4 6. exf5 dxc3 7. Qxd8+ Kxd8 8. bxc3 g6 9. fxg6 hxg6 10. Rb1 b6 11. Be3 Bg7 12. c4 Nd7 13. Nf3 Rc8 14. Be2 Nh6 15. O-O 1/2-1/2

[Event "Quebec op"]
[Site "Montreal CAN"]
[Date "1998.07.27"]
[Round "4"]
[White "McDonough, Jonathan"]
[Black "Pnevmonidis, Pantelis"]
[Result "0-1"]
[WhiteElo "1889"]
[BlackElo "2067"]
[PlyCount "114"]
[GameId "2160767911872513"]
[EventDate "1998.07.25"]
[EventType "swiss"]
[EventRounds "9"]
[EventCountry "CAN"]
[SourceTitle "EXT 2022"]
[Source "ChessBase"]
[SourceDate "2021.10.06"]
[SourceVersion "1"]
[SourceVersionDate "2021.10.06"]
[SourceQuality "1"]

1. d4 Nf6 2. c4 e6 3. g3 d5 4. Bg2 Be7 5. Nf3 O-O 6. Nbd2 b6 7. O-O Bb7 8. Ne5 Nbd7 9. cxd5 Nxe5 10. d6 Nc6 11. dxe7 Qxe7 12. Qa4 Na5 13. b4 Bxg2 14. Kxg2 Nb7 15. Qc6 Rab8 16. Nc4 Nd5 17. a3 Nd8 18. Qa4 b5 19. Qxa7 Rb7 20. Qa6 bxc4 21. Qxc4 Qd7 22. Bb2 Nb6 23. Qc2 Na4 24. Rac1 Nxb2 25. Qxb2 Nc6 26. e3 Ra8 27. Rc5 Ne7 28. Rfc1 c6 29. Kg1 h6 30. R1c3 Rb6 31. h4 Rb5 32. R5c4 Ra4 33. Qb3 Qa7 34. Qb2 Rb6 35. Rd3 Rba6 36. Rcc3 Nd5 37. b5 Nxc3 38. bxa6 Nb5 39. Qc1 Qxa6 40. Rb3 Rxa3 41. Rxa3 Nxa3 42. Qc5 Nb5 43. Qe7 Qc8 44. Qc5 Qc7 45. Qb4 Qd6 46. Qa5 h5 47. Qa6 Qd5 48. Qa5 g6 49. Qb4 e5 50. dxe5 Qxe5 51. Qa5 Qd5 52. Qa8+ Kh7 53. Qe8 Nd6 54. Qe7 Ne4 55. Qb7 Qf5 56. Qb2 Qf3 57. Qa2 c5 0-1

[Event "Quebec op"]
[Site "Montreal CAN"]
[Date "1998.07.27"]
[Round "4"]
[White "Michaud, Gerald"]
[Black "Oratovsky, Michael"]
[Result "1-0"]
[WhiteElo "1861"]
[BlackElo "2465"]
[PlyCount "45"]
[GameId "2160767911872514"]
[EventDate "1998.07.25"]
[EventType "swiss"]
[EventRounds "9"]
[EventCountry "CAN"]

1. d4 d6 2. c4 e5 3. dxe5 dxe5 4. Qxd8+ Kxd8 5. Nc3 Be6 6. e4 Nd7 7. Nf3 f6 8. Be2 Ne7 9. Be3 Nc6 10. O-O Bc5 11. Bxc5 Nxc5 12. Rfd1+ Kc8 13. Rd2 a5 14. Rad1 a4 15. Rd5 Bxd5 16. cxd5 Ne7 17. Nd2 Rd8 18. Nc4 Kb8 19. f3 Nc8 20. Rb1 Nd6 21. b4 axb3 22. axb3 Ra3 23. Nxa3 1-0

[Event "Quebec op"]
[Site "Montreal CAN"]
[Date "1998.07.27"]
[Round "4"]
[White "Poulin, Maurice"]
[Black "Hua, Lefong"]
[Result "0-1"]
[WhiteElo "2004"]
[BlackElo "2195"]
[PlyCount "56"]
[GameId "2160767911872515"]
[EventDate "1998.07.25"]
[EventType "swiss"]
[EventRounds "9"]
[EventCountry "CAN"]

1. c4 Nf6 2. Nc3 c5 3. g3 Nc6 4. Bg2 g6 5. b3 Bg7 6. Bb2 O-O 7. d3 e6 8. Qd2 d5 9. O-O-O d4 10. Ne4 Nxe4 11. Bxe4 f5 12. Bg2 Qe7 13. h4 h6 14. Nh3 e5 15. Bxc6 bxc6 16. Qa5 Re8 17. Ba3 Bf8 18. f3 Rb8 19. Nf2 h5 20. Rdg1 Rb6 21. Kb2 Ra6 22. Qd2 Kh7 23. g4 Bh6 24. g5 Bf8 25. Ra1 Qc7 26. Rhe1 Bd6 27. Rf1 Qb6 28. Rg1 Ra5 0-1

[Event "Quebec op"]
[Site "Montreal CAN"]
[Date "1998.07.27"]
[Round "4"]
[White "Reeve, Jeff"]
[Black "Cote, Jacques"]
[Result "1-0"]
[WhiteElo "2189"]
[BlackElo "1969"]
[PlyCount "47"]
[GameId "2160767911872516"]
[EventDate "1998.07.25"]
[EventType "swiss"]
[EventRounds "9"]
[EventCountry "CAN"]
[SourceTitle "EXT 2022"]
[Source "ChessBase"]
[SourceDate "2021.10.06"]
[SourceVersion "1"]
[SourceVersionDate "2021.10.06"]
[SourceQuality "1"]

1. e4 e5 2. Nf3 Nc6 3. d4 exd4 4. Nxd4 Qh4 5. Nc3 Bb4 6. Be2 Qxe4 7. Ndb5 Bxc3+ 8. bxc3 Kd8 9. O-O Nge7 10. Bd3 Qh4 11. c4 a6 12. Nc3 Ne5 13. Ne4 f6 14. f4 Nxd3 15. Qxd3 Qh5 16. Ba3 Re8 17. Rad1 Qf5 18. Rfe1 Qg6 19. Nd6 cxd6 20. Qd4 Nd5 21. cxd5 Rxe1+ 22. Rxe1 Kc7 23. Qc3+ Kb6 24. Rb1+ 1-0

[Event "Quebec op"]
[Site "Montreal CAN"]
[Date "1998.07.27"]
[Round "4"]
[White "Tyomkin, Dimitri"]
[Black "Fillion, Steve"]
[Result "1-0"]
[WhiteElo "2465"]
[BlackElo "2143"]
[PlyCount "127"]
[GameId "2160767911872518"]
[EventDate "1998.07.25"]
[EventType "swiss"]
[EventRounds "9"]
[EventCountry "CAN"]
[SourceTitle "EXT 2022"]
[Source "ChessBase"]
[SourceDate "2021.10.06"]
[SourceVersion "1"]
[SourceVersionDate "2021.10.06"]
[SourceQuality "1"]

1. d4 d5 2. c4 e6 3. Nc3 Nf6 4. Bg5 Be7 5. cxd5 exd5 6. Qc2 c6 7. e3 Nbd7 8. Bd3 O-O 9. Nf3 Re8 10. O-O h6 11. Bf4 Nf8 12. h3 Bd6 13. Bxd6 Qxd6 14. Rab1 Be6 15. b4 N8d7 16. Na4 b6 17. Rfc1 Rac8 18. Nd2 Qe7 19. a3 b5 20. Nc5 Nxc5 21. Qxc5 Qxc5 22. dxc5 Nd7 23. f4 f5 24. Nf3 g6 25. Nd4 Nb8 26. Kf2 Bd7 27. a4 a6 28. g4 Rf8 29. Rg1 Kh7 30. h4 Rf6 31. h5 gxh5 32. gxf5 Rg8 33. Rh1 Be8 34. Nf3 Rg7 35. Ne5 Kh8 36. Ng6+ Bxg6 37. fxg6 d4 38. Rxh5 dxe3+ 39. Kxe3 Re7+ 40. Kf3 Kg7 41. Rbh1 Nd7 42. Kg4 Rfe6 43. Rxh6 Nf6+ 44. Kf5 Re3 45. R6h3 bxa4 46. Rxe3 Rxe3 47. Bxa6 Rb3 48. Re1 Nd5 49. Bb7 Re3 50. Ra1 a3 51. b5 Ne7+ 52. Kg4 cxb5 53. Ba6 b4 54. f5 Re5 55. Bd3 Kf6 56. c6 Nxc6 57. Kf4 Rd5 58. Be4 Rd6 59. Rh1 a2 60. Rh7 Nd8 61. Ra7 Rd7 62. Ra6+ Kg7 63. f6+ Kf8 64. Rxa2 1-0